Т. 71; Известия Томского политехнического института [Известия ТПИ]

Bibliographic Details
Parent link:Известия Томского политехнического института [Известия ТПИ]/ Томский политехнический институт (ТПИ). Т. 71.— , 1944-1976
Language:Russian
Published: Изд-во ТПИ, 1952
Subjects:
Format: Book
KOHA link:https://koha.lib.tpu.ru/cgi-bin/koha/opac-detail.pl?biblionumber=186146

MARC

LEADER 00000nam2a2200000 4500
001 186146
005 20231031173440.0
035 |a (RuTPU)RU\TPU\book\201970 
035 |a RU\TPU\book\201920 
090 |a 186146 
100 |a 20101025d1952 k y0rusy50 ca 
101 0 |a rus 
102 |a RU 
105 |a ab z 000zy 
200 0 |a Т. 71 
210 |c Изд-во ТПИ  |d 1952 
215 |a 182 с.  |c граф., рис., табл., черт., карты 
461 1 |0 (RuTPU)RU\TPU\book\200995  |t Известия Томского политехнического института [Известия ТПИ]  |f Томский политехнический институт (ТПИ)  |v Т. 71  |d 1944-1976 
601 0 2 |a Томский политехнический институт (ТПИ)  |c (1944-1991)  |2 stltpush  |3 (RuTPU)RU\TPU\col\1123 
610 1 |a научные исследования 
610 1 |a соединения 
610 1 |a электрическая прочность 
610 1 |a химическая устойчивость 
610 1 |a электрические пробои 
610 1 |a температурная зависимость 
610 1 |a твердые диэлектрики 
610 1 |a аммиачная селитра 
610 1 |a слеживаемость 
610 1 |a электролиты 
610 1 |a осадки 
610 1 |a растворимость 
610 1 |a нитросоединения 
610 1 |a органические вещества 
610 1 |a химические реакции 
610 1 |a электронная химия 
610 1 |a минеральные соли 
610 1 |a хлористый этиленпиридиний 
610 1 |a комплексные соединения 
610 1 |a галогениды 
610 1 |a тройные комплексы 
610 1 |a бензол 
610 1 |a бромирование 
610 1 |a Томск 
610 1 |a Лагерный сад 
610 1 |a глины 
610 1 |a технические свойства 
610 1 |a строительные кирпичи 
610 1 |a добавки 
610 1 |a поваренная соль 
610 1 |a хлористый калий 
610 1 |a известковая промышленность 
610 1 |a цементная промышленность 
610 1 |a известняки 
610 1 |a Каменское месторождение 
610 1 |a труды учёных ТПУ 
675 |a 62  |v 3 
801 1 |a RU  |b 63413507  |c 20090209  |g PSBO 
801 2 |a RU  |b 63413507  |c 20120511  |g PSBO 
942 |c BK